01528mam a2200181 a 4500020001500000082001600015100002000031245006300051260003700114300001800151520036900169520042500538520028800963650002301251650002501274650002801299700001901327 a007063320700a323.448 CAV1 aCavoukian, Ann.10aWho knows : safeguarding your privacy in a networked world aNew York :bMcGraw-Hill,cc1997. axii, 233 p. ; aIn this compelling book, privacy expert Ann Cavoukian teams up with Don Tapscott, author of The Digital Economy, coauthor of Paradigm Shift, and an international authority on information technology in business, to reveal the many ways in which government and corporations systematically invade our privacy and erode the confidentiality of our personal information.8 aThe authors examine how the breakdown of technological barriers has created the formation of a vast network of information. They show how the growth of computer usage results in the rise of personal surveillance, for purposes you may not even be aware of. Where you go, what you do, how much you spend, and (by inference) how you behave and think - such "data" are stored electronically and made accessible to strangers.8 aRead this book to discover how your medical records, credit reports, employment background, and consumer history are woven into detailed personal profiles that are commonly bought and sold. And learn about the essential steps you must take to protect yourself against such practices. 0aPrivacy, Right of. 0aInformation society. 0aInformation technology.1 aTapscott, Don,